| 000 | 00600nam a2200193 a 4500 | ||
|---|---|---|---|
| 005 | 20140310183458.0 | ||
| 008 | 091203s19uu xx 00 eng d | ||
| 020 | _a9780764557989 | ||
| 050 |
_aTX 921 _b.M38 2008 |
||
| 100 | _aMattel, Bruce | ||
| 245 |
_aCatering : _ba guide to managing a successful business operation / _cBruce Mattel |
||
| 260 |
_aU.S.A : _bJohn Willey & Sons, Inc, _c2008. |
||
| 300 |
_a358 p. : _bcol. ill. ; _c24 cm. |
||
| 521 | _aTOU | ||
| 650 |
_aCaterers and catering _xManagement. |
||
| 650 | _aCulinary Institute of America. | ||
| 942 |
_cBK _2lcc _kFOR |
||
| 999 |
_c23774 _d23774 |
||